LEADER 02025oam 2200445 450 001 9910707789103321 005 20161025154330.0 035 $a(CKB)5470000002466654 035 $a(OCoLC)885281794 035 $a(EXLCZ)995470000002466654 100 $a20140805d1977 ua 0 101 0 $aeng 135 $aurmn||||||||| 181 $ctxt$2rdacontent 182 $cc$2rdamedia 183 $acr$2rdacarrier 200 10$aMineral resources of study areas contiguous to the Uncompahgre primitive area, San Juan Mountains, southwestern Colorado /$fby T.A. Steven [and four others] 210 1$a[Washington, D.C.] :$cUnited States Department of the Interior, Geological Survey,$d1977. 210 2$aWashington :$cUnited States Government Printing Office. 215 $a1 online resource (viii, 126 pages, 3 pages of plates) $cillustrations, maps (some color) 225 1 $aGeological Survey bulletin ;$v1391-E 225 1 $aStudies related to wilderness--primitive areas 300 $aTitle from title screen (viewed August 1, 2014). 300 $a"This article supersedes: Mineral resources of study areas contiguous to the Uncompahgre Primitive Area, San Juan Mountains, southwestern Colorado (1973)." 300 $a"An evaluation of the mineral potential of the areas." 300 $a"Includes a section on Interpretation of aeromagnetic data by Peter Popenoe and R. G. Luedke." 320 $aIncludes bibliographical references (pages 86-89) and index. 606 $aMines and mineral resources$zSan Juan Mountains (Colo. and N.M.) 615 0$aMines and mineral resources 700 $aSteven$b Thomas A$g(Thomas August),$f1917-2013,$01388925 712 02$aGeological Survey (U.S.), 801 0$bCOP 801 1$bCOP 801 2$bOCLCO 801 2$bOCLCA 801 2$bGPO 906 $aBOOK 912 $a9910707789103321 996 $aMineral resources of study areas contiguous to the Uncompahgre primitive area, San Juan Mountains, southwestern Colorado$93439922 997 $aUNINA LEADER 01886oas 2200577 450 001 9910717133703321 005 20220208100552.0 035 $a(CKB)5470000002528881 035 $a(OCoLC)956672839 035 $a(EXLCZ)995470000002528881 100 $a20160814b19891989 ua a 101 0 $aeng 135 $aur||||||||||| 181 $ctxt$2rdacontent 182 $cc$2rdamedia 183 $acr$2rdacarrier 200 00$aIndustry wage survey$iHelp supply services /$fU.S. Department of Labor, Bureau of Labor Statistics 210 1$a[Washington, D.C.] :$cU.S. Department of Labor, Bureau of Labor Statistics,$d1993. 215 $a1 online resource (1 volume) 225 1 $aBulletin 517 1 $aHelp supply services 606 $aTemporary employees$zUnited States$vStatistics$vPeriodicals 606 $aLabor supply$zUnited States$vStatistics$vPeriodicals 606 $aWages$xTemporary employees$zUnited States$vStatistics 606 $aTemporary employment$zUnited States$vStatistics 606 $aLabor supply$2fast 606 $aTemporary employees$2fast 606 $aTemporary employment$2fast 606 $aWages$xTemporary employees$2fast 607 $aUnited States$2fast 608 $aPeriodicals.$2fast 608 $aStatistics.$2fast 608 $aStatistics.$2lcgft 615 0$aTemporary employees 615 0$aLabor supply 615 0$aWages$xTemporary employees 615 0$aTemporary employment 615 7$aLabor supply. 615 7$aTemporary employees. 615 7$aTemporary employment. 615 7$aWages$xTemporary employees. 712 02$aUnited States.$bBureau of Labor Statistics, 801 0$bOCLCE 801 1$bOCLCE 801 2$bOCLCQ 801 2$bOCLCO 801 2$bGPO 906 $aJOURNAL 912 $a9910717133703321 996 $aIndustry wage survey$93251718 997 $aUNINA